Antecipaȯ́ Bancr̀ia e Emprštimo Sobre Penhor no ℗mbito das Operaȯes Bancr̀ia

Detalles Bibliográficos
Autor principal: Poȧs, Lus̕
Formato: Desconocido
Lenguaje:inglés
Publicado: Portugal : Almeida & Leitó, 2008
Materias:
Acceso en línea:Acceso restringido

MARC

LEADER 00000ny a22000003n 4500
005 2011062308388.0
008 091222s2008 po 000 0 eng d
020 |a 9789727491704 
035 |a 2568 
040 |a BUS  |d vLex 
090 |c 1033  |d 1033 
100 1 |a Poȧs, Lus̕ 
245 1 0 |a Antecipaȯ́ Bancr̀ia e Emprštimo Sobre Penhor no ℗mbito das Operaȯes Bancr̀ia  |h [Recurso electrn̤ico]  |c Lus̕ Poȧs  
256 |a Servicio en ln̕ea 
260 |a Portugal :  |b Almeida & Leitó,  |c 2008 
300 |a p. ;  |c cm 
506 1 |a Contenido solo disponible en los productos indicados  |d vLex Global  |d vLex Global (Academic Edition, excluding Law Schools)  |d vLex Global (U.S. Academic Edition, Law Schools)  |d vLex Global (U.S. Academic Edition, excluding Law Schools)  |d vLex Global (Academic Edition, Law Schools) 
650 0 4 |a Bancos -  |z Portugal 
740 0 |a vLex Libros (Servicios en ln̕ea) 
856 4 0 |u http://vlex.com/source/2568  |z Acceso restringido 
942 |c BOOK